Das estländische Oberlandgericht und Präjudicate desselben von Mitte des 17. bis Anfnag des 18. Jahrhunderts

Titel: Das estländische Oberlandgericht und Präjudicate desselben von Mitte des 17. bis Anfnag des 18. Jahrhunderts / [von W. Greiffenhagen]
Verfasser:
Veröffentlicht: [S.l.]œ, 1890
Umfang: S. 488 - 514, 612 - 621
Format: Buch
Sprache: Deutsch
Kein Bild verfügbar
X
Lokale Klassifikation: 47 12 F ; 47 13 B
alg: 22553848
001A    $03004:23-07-10 
001B    $01999:03-06-23 $t05:01:41.000 
001C    $03004:23-07-10 $t15:13:09.000 
001D    $03004:23-07-10 
001U    $0utf8 
001X    $00 
002@    $0Aar 
003@    $0225538482 
003O    $0650811688 $aOCoLC 
007A    $0225538482 $aHEB 
007T    $0Herdhh225538482 
010@    $ager 
011@    $a1890 
021A    $aDas @estländische Oberlandgericht und Präjudicate desselben von Mitte des 17. bis Anfnag des 18. Jahrhunderts $h[von W. Greiffenhagen] 
028A    $7 $8Greiffenhagen, W. [Tnx] $9169046133 
033A    $p{[S.l.] 
034D    $aS. 488 - 514, 612 - 621 
045F    $a340.09 $eDDC23BSB 
045F/01 $a340.09 
045F/03 $f0903 
045F/03 $f09041 
045F/03 $g4798 
045G    $a630.94798 $eDDC23BSB 
045G/01 $a630.9 
045G/03 $g4798 
045H    $a351.09 $eDDC23BSB 
045H/01 $a351.09 
045H/03 $g4798 
046R    $aAus: Baltische Montasschrift ; 37.1890 

lok: 22553848 24
101B    $023-07-10 $t15:13:09.000 
101C    $023-07-10 
101U    $0utf8 
145Z/01 $a47 12 F 
145Z/02 $a47 13 B 

exp: 22553848 24 1 #EPN
201B/01 $027-01-12 $t17:14:13.000 
201C/01 $023-07-10 
201U/01 $0utf8 
203@/01 $0596582390 
208@/01 $a23-07-10 $br 
209A/01 $aS 3807 $du $f050 $hS 3807 $x00 
209C/01 $a1808 K 64 $h64 1808 K 
209G/01 $a72608224 $x00 
220C/01 $aurb 
247C/01 $8358050-7 Marburg, Bibliothek des Herder-Instituts Marburg $9102600961 

lok: 22553848 78

exp: 22553848 78 1 #EPN
201B/01 $019-04-17 $t21:51:58.000 
201U/01 $0utf8 
203@/01 $0794535372 
208@/01 $a12-11-16 $be 
209A/01 $a/ $f000 $x00 
220C/01 $aAnmerkung: *ng 
237A/01 $aweiterführende Signatur(en): Herder-Institut: 47 XII F 1 
244Z/01 $2Trx $#Estija $#Igaunija $#Estland $#Estonia $#Estonia $#Estónsko $#Estonsko $8--Trx--Eesti $x01 $9391237225 
244Z/01 $2Trx $8--Trx--Zeitschriftenaufsatz $x02 $9391384341 
245Z/01 $a07.01 $x01 
247C/01 $82080>Marburg/Lahn, Herder-Institut, Forschungsbibliothek, Bibliographieportal $9336309341
LEADER 00000cam a22000002c 4500
001 225538482
003 DE-603
005 20230603050141.0
007 tu
008 100723s1890 xx |||| | u00||u|ger c
035 |a (DE-599)HEB225538482 
035 |a (OCoLC)650811688 
040 |a DE-603  |b ger  |c DE-603  |d DE-603 
041 |a ger 
082 0 4 |8 1\u  |a 340.09  |q DE-101  |2 23/BSB 
083 0 |8 2\u  |a 630.94798  |q DE-101  |2 23/BSB 
083 0 |8 3\u  |a 351.09  |q DE-101  |2 23/BSB 
085 |8 1\u  |b 340.09 
085 |8 1\u  |z 1  |s 0903 
085 |8 1\u  |z 1  |s 09041 
085 |8 1\u  |z 2  |s 4798 
085 |8 2\u  |b 630.9 
085 |8 2\u  |z 2  |s 4798 
085 |8 3\u  |b 351.09 
085 |8 3\u  |z 2  |s 4798 
100 1 |a Greiffenhagen, W.  |0 (DE-603)169046133 
245 0 0 |a ˜Dasœ estländische Oberlandgericht und Präjudicate desselben von Mitte des 17. bis Anfnag des 18. Jahrhunderts  |c [von W. Greiffenhagen] 
264 1 |a [S.l.]œ  |c 1890 
300 |a S. 488 - 514, 612 - 621 
500 |a Aus: Baltische Montasschrift ; 37.1890 
924 0 |9 Mb 50  |a (DE-603)596582390  |b DE-Mb50  |c HES  |d c  |g S 3807 
924 0 |9 2080  |a (DE-603)794535372  |b DE-2080  |c HES  |d d  |g /